000 01506nam a2200241 i 4500
001 160497
003 ES-MaACL
005 20250831014817.0
008 981112s1889 xxka |||| | eng d
040 _aCCPB | B
_bspa
_cCCPB | B
245 0 0 _aNarrative and critical history of América /
_cedited by Justin Winsor.
260 _aLondon :
_bSampson Low, Marston, Searle & Rivington,
_c1889 (
_fPrinted by H.O. Houghton and Company)
300 _a8 v. (XXXVII, 470 p.;VII, 777 p.;VII, 649 p.; IX, 515 p.; XI, 578 p.; XI, IX, 640 p; VII, 610 p.; VIII 604 p.) :
_bil. ;
_c27 cm.
505 8 _aContiene: T.I. Aboriginal America. -- T.II. Spanish Explorations and Settlements in America from the Fifteen to the Seventeenth Century. -- T.III. English Explorations and Settlements in North America 1497-1689. -- T.IV. French Explorations and Settlements en North America and those ot the Portuguese, Dutch, and Swedes, 1500-1700. -- T.V. The English and French in North America, 1689-1763. -- T.VI. The United States of America, part. I. -- T.VII. The United States of America, part. II. -- T. VIII. The later history of British, Spanish, and Portuguese America.
599 _aLas il. xil.
650 4 _aCartografía-
_zAmérica.
_9159391
651 4 _aAmérica-
_xHistoria.
_97703
651 4 _aAmérica-
_vBibliografías.
_9149767
651 4 _aEstados Unidos-
_xHistoria
_98540
700 1 _aWinsor, Justin.
_9133944
852 _aES-MaACL
_jG-7321-28
_z-- Enc. tela
999 _c160497
_d160497